Vista normal
Vista MARC
Entrada Nombre corporativo
Número de registros utilizados en: 7
001 - NÚMERO DE CONTROL
- Campo de control: 2474
003 - IDENTIFICADOR DE NÚMERO DE CONTROL
- Campo de control: ES-MaCES
005 - FECHA Y HORA DE LA ULTIMA MODIFICACION
- Campo de control: 20130129142000.0
008 - ELEMENTOS DE DATOS DE LONGITUD FIJA
- Campo de longitud fija: 000928 | azznnaabn || ana d
035 ## - NÚMERO DE CONTROL DEL SISTEMA
- Número de control del sistema: CES20000003575e
040 ## - FUENTE DE LA CATALOGACIÓN
- Agencia original de catalogación: ES-MaCES
- Idioma de catalogación: spa
- Agencia de transcripción: ES-MaCES
110 2# - ENCABEZAMIENTO--NOMBRE CORPORATIVO
- Nombre corporativo o de jurisdicción como elemento de entrada: Consejo Europeo
- Unidad subordinada: Cumbre
- Lugar de reunión o firma del tratado: 23 y 24 marzo 2000
- Lugar de la reunión: Lisboa
510 2# - TRAZADO VEÁSE ADEMÁS--NOMBRE CORPORATIVO
- Nombre corporativo o jurisdicción como elemento de entrada: Consejo Europeo
- Unidad subordinada: Cumbre
- Fecha de reunión o firma de tratado: 10 y 11 dic. 1999
- Lugar de reunión: Helsinki
901 ## - CES. DATOS SIRTEX
- ID Sirtex (N5N8): 0001800004637
- 005BIS Sirtex: 200009280956ALORITE

